000 00287nam a2200121Ia 4500
008 241002s9999 xx 000 0 und d
082 _a808.84 LAM
100 _aLamb, Charles
245 0 _aSelected Essays Letters Poems
260 _aLondon:
_c1953
600 _aLiterature
942 _cUC
999 _c18706
_d18706